|
|
|
|
| LEADER |
00000nam0a2200000 4500 |
| 001 |
326606 |
| 005 |
20231102003858.0 |
| 035 |
|
|
|a (RuTPU)RU\TPU\book\352266
|
| 090 |
|
|
|a 326606
|
| 100 |
|
|
|a 20170111d1978 k y0rusy50 ca
|
| 101 |
0 |
|
|a rus
|
| 102 |
|
|
|a RU
|
| 105 |
|
|
|a a z 001zy
|
| 200 |
1 |
|
|a Металлические конструкции кранов. Исследование конвейеров
|e [сборник статей]
|f Ленинградский политехнический институт им. М. И. Калинина (ЛПИ)
|
| 210 |
|
|
|a Ленинград
|c Изд-во ЛПИ
|d 1978
|
| 215 |
|
|
|a 116 с.
|c ил.
|
| 225 |
1 |
|
|a Труды ЛПИ
|v № 362
|
| 320 |
|
|
|a Библиография в конце статей
|
| 606 |
1 |
|
|a Крановые конструкции металлические
|2 stltpush
|3 (RuTPU)RU\TPU\subj\16087
|9 42273
|
| 606 |
1 |
|
|a Конвейеры
|x Исследование
|2 stltpush
|3 (RuTPU)RU\TPU\subj\15214
|9 41475
|
| 610 |
1 |
|
|a параметры
|
| 610 |
1 |
|
|a оптимизация
|
| 610 |
1 |
|
|a напряженное состояние
|
| 610 |
1 |
|
|a усталость
|
| 610 |
1 |
|
|a сопротивление
|
| 610 |
1 |
|
|a динамические характеристики
|
| 610 |
1 |
|
|a расчет
|
| 610 |
1 |
|
|a краны
|
| 610 |
1 |
|
|a краностроение
|
| 610 |
1 |
|
|a сварные соединения
|
| 610 |
1 |
|
|a стальные балки
|
| 610 |
1 |
|
|a поперечное сечение
|
| 610 |
1 |
|
|a стыковые соединения
|
| 610 |
1 |
|
|a крановые металлоконструкции
|
| 610 |
1 |
|
|a сварные швы
|
| 675 |
|
|
|a 621.873
|v 4
|
| 675 |
|
|
|a 621.867
|v 4
|
| 712 |
0 |
2 |
|a Ленинградский политехнический институт им. М. И. Калинина (ЛПИ)
|c (1924-1930, 1940-1990)
|2 stltpush
|3 (RuTPU)RU\TPU\col\2601
|
| 801 |
|
1 |
|a RU
|b 63413507
|c 20170111
|
| 801 |
|
2 |
|a RU
|b 63413507
|c 20170228
|g RCR
|
| 942 |
|
|
|c BK
|